Città dell'Europa con più di 1 milione di abitanti - Statistics

Statistiche generali
  • Questo quiz è stato fatto 148 volte
  • Il punteggio medio è 20 su 33
Statistiche sulle risposte
Popolazione Città % Corretto
2.759.000 Roma
100%
1.628.000 Barcellona
98%
8.800.000 Londra
98%
3.277.000 Madrid
98%
1.374.000 Milano
97%
2.146.000 Parigi
97%
13.010.000 Mosca
96%
1.982.000 Vienna
94%
3.677.000 Berlino
93%
1.682.000 Budapest
90%
1.717.000 Bucarest
89%
1.301.000 Praga
84%
5.602.000 San Pietroburgo
83%
1.860.000 Varsavia
83%
2.951.000 Kiev
80%
1.183.000 Sofia
66%
1.995.000 Minsk
65%
1.224.000 Belgrado
63%
1.854.000 Amburgo
62%
1.488.000 Monaco di Baviera
53%
1.145.000 Birmingham
52%
1.073.000 Colonia
52%
1.309.000 Kazan
34%
1.016.000 Odessa
32%
1.028.000 Volgograd
29%
1.434.000 Kharkiv
22%
1.145.000 Ufa
20%
1.173.000 Samara
19%
1.099.000 Krasnodar
14%
1.034.000 Perm
11%
1.142.000 Rostov sul Don
11%
1.226.000 Niznij novgorod
7%
1.058.000 Voronezh
5%
Nessun quiz corrispondente trovato
Distribuzione punteggi
Percentuale di utenti per punteggio
Percentile per numero di risposta
I tuoi punteggi nel tempo
Non hai fatto questo quiz